000 00671nam a2200253Ia 4500
003 OSt
005 20220912151228.0
006 a|||||r|||| 00| 0
007 ta
008 220909b |||||||| |||| 00| 0 eng d
024 _a58512
037 _cTextual
040 _aCSL
_beng
_cCSL
041 _aeng
082 _aB2893, L84
100 _aDixon L C W Ed.
245 0 _aTowards global optimisation 2
260 _aAmsterdam
_bNorth-Holland Publishing
_c1978
300 _avii, 363p.
_ccm.
650 _aStatistics
700 _a Szego G P Ed.
942 _hB2893, L84
_cTEXL
_2CC
999 _c64058
_d64058